| 000 | 00525nam a22001937a 4500 | ||
|---|---|---|---|
| 003 | NUST - PNEC | ||
| 005 | 20170116180821.0 | ||
| 008 | 150619b xxu||||| |||| 00| 0 eng d | ||
| 020 | _a- | ||
| 040 | _cLIBRARY | ||
| 082 | _aVerhoeven, F.R.J. | ||
| 100 |
_94114 _aVerhoeven, F.R.J. |
||
| 245 |
_aIslam : Its origin and spread in words, maps and pictures _cF.R.J. Verhoeven |
||
| 250 | _a- | ||
| 260 |
_aLondon _bRoutledge & Kegan Paul _cc1962. |
||
| 300 | _a32 p. : | ||
| 650 |
_94117 _aIslam _xGeneral |
||
| 942 |
_2ddc _cBK |
||
| 999 |
_c63740 _d63740 |
||